Statistics for Homonyms Quiz #5

Click here to take the quiz!

General Stats

  • This quiz has been taken 59,161 times
    (50,551 since last reset)
  • The average score is 16 of 20

Answer Stats

Meaning #1Meaning #2Answer% Correct
Bed coilSeasonSpring
95%
Being hereGiftPresent
94%
Four-sided polygonUn-hip personSquare
94%
Center of the stormOgleEye
93%
DepartsFoliageLeaves
91%
Playing card categoryMen's business wearSuit
89%
Enclosure for a
painting
Use false evidence
to incriminate
Frame
86%
To make a coinIn perfect conditionMint
86%
Cellular phoneAble to moveMobile
84%
Equal scoreFastenTie
80%
Slang for toupeeCarpetRug
79%
OmenTo write one's nameSign
79%
Street childSpiny sea creatureUrchin
79%
Piece of cricket
equipment
Type of
winged animal
Bat
78%
AdherePiece of woodStick
76%
Part of an organSmoking toolPipe
75%
Unit of lengthRhythmic pattern
of a poem
Meter
73%
Have faith inFund held
for a beneficiary
Trust
67%
To abandon someoneUnit of hairStrand
59%
Acting ensembleTo throw forthCast
54%

Score Distribution

Percentile by Number Answered

Percent of People with Each Score

Your Score History

You have not taken this quiz since the last reset